000 00834nam a22003017a 4500
001 BR9212186
003 BR-BrBNA
005 20230928093753.0
007 ta
008 230509b bl.||||| |||| 00| 0 por d
040 _aBR-BrBNA
_bpor
_cBiblioteca Nacional de Agricultura
041 _a(Por)
072 _aL73
_b5212
_b5300
_b5240
_b5250
_b4150
090 _ 5212 BR9212186
110 1 _aComissao Estadual de Planejamento Agricola de Pernambuco, Recife (Brasil)
_92032
245 1 _aPlano de apoio a campanha estadual de combate a febre aftosa
260 3 _aRecife, PE (Brasil):
_c1972.
300 _a17 p.
650 _aBovino
650 _aSuino
650 _aOvino
650 _aCaprino
650 _aAftosa
650 _aErradicacao
650 _aPernambuco
909 _a202309
_bLucia
_c55
_dLucia Elande
942 _cBK
999 _c47001
_d47001